<?xml version="1.0" encoding="UTF-8"?>
<record
    xmlns:xsi="http://www.w3.org/2001/XMLSchema-instance"
    xsi:schemaLocation="http://www.loc.gov/MARC21/slim http://www.loc.gov/standards/marcxml/schema/MARC21slim.xsd"
    xmlns="http://www.loc.gov/MARC21/slim">

  <leader>00934cam a2200241 i 4500</leader>
  <controlfield tag="005">20251001084353.0</controlfield>
  <datafield tag="020" ind1=" " ind2=" ">
    <subfield code="a">0891585672</subfield>
    <subfield code="c">TZS 19,500/=</subfield>
  </datafield>
  <datafield tag="020" ind1=" " ind2=" ">
    <subfield code="a">0891587500</subfield>
    <subfield code="c">TZS 19,500/=</subfield>
  </datafield>
  <datafield tag="040" ind1=" " ind2=" ">
    <subfield code="a">MCCL</subfield>
    <subfield code="b">eng</subfield>
    <subfield code="e">AACR 2nd rev. ed.</subfield>
  </datafield>
  <datafield tag="082" ind1="0" ind2="0">
    <subfield code="a">338.927 APP</subfield>
  </datafield>
  <datafield tag="245" ind1="0" ind2="0">
    <subfield code="a">Appropriate technology for development :</subfield>
    <subfield code="b">a discussion and case histories /</subfield>
    <subfield code="c">edited by Donald D. Evans, Laurie Nogg Adler.</subfield>
  </datafield>
  <datafield tag="260" ind1=" " ind2=" ">
    <subfield code="a">Boulder, Colo. :</subfield>
    <subfield code="b">Westview Press,</subfield>
    <subfield code="c">1979.</subfield>
  </datafield>
  <datafield tag="300" ind1=" " ind2=" ">
    <subfield code="a">xxx, 482 p. :</subfield>
    <subfield code="b">ill. ;</subfield>
    <subfield code="c">24 cm.</subfield>
  </datafield>
  <datafield tag="440" ind1=" " ind2="0">
    <subfield code="a">Westview special studies in social, political, and economic development</subfield>
  </datafield>
  <datafield tag="500" ind1=" " ind2=" ">
    <subfield code="a">"A study prepared by Denver Research Institute, University of Denver."</subfield>
  </datafield>
  <datafield tag="504" ind1=" " ind2=" ">
    <subfield code="a">Bibliography: p. 436-482.</subfield>
  </datafield>
  <datafield tag="546" ind1=" " ind2=" ">
    <subfield code="a">eng</subfield>
  </datafield>
  <datafield tag="650" ind1=" " ind2="0">
    <subfield code="a">Technical assistance</subfield>
    <subfield code="z">Developing countries.</subfield>
  </datafield>
  <datafield tag="650" ind1=" " ind2="0">
    <subfield code="a">Appropriate technology</subfield>
    <subfield code="z">Developing countries</subfield>
  </datafield>
  <datafield tag="700" ind1="1" ind2=" ">
    <subfield code="a">Evans, Donald D.</subfield>
    <subfield code="d">1929-</subfield>
  </datafield>
  <datafield tag="700" ind1="1" ind2=" ">
    <subfield code="a">Adler, Laurie Nogg.</subfield>
  </datafield>
  <datafield tag="942" ind1=" " ind2=" ">
    <subfield code="c">BK</subfield>
  </datafield>
  <datafield tag="999" ind1=" " ind2=" ">
    <subfield code="c">11453</subfield>
    <subfield code="d">11453</subfield>
  </datafield>
  <datafield tag="952" ind1=" " ind2=" ">
    <subfield code="0">0</subfield>
    <subfield code="1">0</subfield>
    <subfield code="4">0</subfield>
    <subfield code="7">0</subfield>
    <subfield code="a">MU002</subfield>
    <subfield code="b">MU002</subfield>
    <subfield code="d">2006-05-01</subfield>
    <subfield code="e">Photocopy</subfield>
    <subfield code="l">0</subfield>
    <subfield code="o">338.927 APP</subfield>
    <subfield code="p">001000</subfield>
    <subfield code="r">2025-10-01 08:46:43</subfield>
    <subfield code="t">1</subfield>
    <subfield code="w">2025-10-01</subfield>
    <subfield code="y">BK</subfield>
  </datafield>
  <datafield tag="952" ind1=" " ind2=" ">
    <subfield code="0">0</subfield>
    <subfield code="1">0</subfield>
    <subfield code="4">0</subfield>
    <subfield code="7">0</subfield>
    <subfield code="a">MU002</subfield>
    <subfield code="b">MU002</subfield>
    <subfield code="d">2006-05-01</subfield>
    <subfield code="e">Photocopy</subfield>
    <subfield code="l">0</subfield>
    <subfield code="o">338.927 APP</subfield>
    <subfield code="p">001001</subfield>
    <subfield code="r">2025-10-01 08:46:43</subfield>
    <subfield code="t">2</subfield>
    <subfield code="w">2025-10-01</subfield>
    <subfield code="y">BK</subfield>
  </datafield>
  <datafield tag="952" ind1=" " ind2=" ">
    <subfield code="0">0</subfield>
    <subfield code="1">0</subfield>
    <subfield code="4">0</subfield>
    <subfield code="7">0</subfield>
    <subfield code="a">MU002</subfield>
    <subfield code="b">MU002</subfield>
    <subfield code="d">2006-05-01</subfield>
    <subfield code="e">Photocopy</subfield>
    <subfield code="l">0</subfield>
    <subfield code="o">338.927 APP</subfield>
    <subfield code="p">001002</subfield>
    <subfield code="r">2025-10-01 08:46:43</subfield>
    <subfield code="t">3</subfield>
    <subfield code="w">2025-10-01</subfield>
    <subfield code="y">BK</subfield>
  </datafield>
</record>
